Les arts plastiques: architecture sculpture

Salvato in:
Dettagli Bibliografici
Autore principale: Hegel, Georg Wilhelm Friedrich (autor)
Natura: Libro
Lingua:francese
Pubblicazione: París Aubier-Montaigne 1964
Serie:Esthétique. La philosophie en Poche, 6
Soggetti:
Tags: Aggiungi Tag
Nessun Tag, puoi essere il primo ad aggiungerne!!

MARC

LEADER 00000nam a2200000 a 4500
001 UCZ3834
003 CL-VaPUC
008 951027e19640000FR |||||||||||||||||fre|d
082 0 4 |a 111.85  |b HEG  |2 21 
100 |a Hegel, Georg Wilhelm Friedrich  |e autor  |9 580639 
245 1 4 |a Les arts plastiques: architecture sculpture 
300 |a 284 p 
942 |c BK 
945 |d 19951027 00:00:00  |a cmena 
260 |a París  |b Aubier-Montaigne  |c 1964 
650 0 |a Estética   |9 264950 
650 0 |a Filosofía alemana   |9 265002 
650 0 |a Escuelas filosóficas   |9 266232 
650 0 |a Arquitectura  |9 804558 
650 0 |a Escultura  |9 265737 
583 |a last modification  |c 19951027 00:00:00  |k Rodrigo Vera 
490 0 |a Esthétique. La philosophie en Poche, 6 
999 |c 240281  |d 240279 
952 |0 0  |1 0  |4 0  |6 111_850000000000000_HEG_1964  |7 0  |8 P  |9 252092  |a BIBEDU  |b BIBEDU  |c BIBEDU_PB  |d 2019-11-18  |i 1592211  |o 111.85 HEG 1964  |p 1592211  |r 2024-01-25  |w 2019-11-18  |y BK  |k FIL 
952 |0 0  |1 0  |4 0  |6 111_850000000000000_HEG_1964  |7 0  |8 P  |9 252093  |a BIBEDU  |b BIBEDU  |c BIBEDU_PB  |d 2019-11-18  |i 159222K  |o 111.85 HEG 1964  |p 159222K  |r 2024-01-25  |w 2019-11-18  |y BK  |k FIL